| 000 | 01639nam a22003257ia4500 | ||
|---|---|---|---|
| 999 |
_c176124 _d176124 |
||
| 003 | OSt | ||
| 005 | 20200121123320.0 | ||
| 008 | 200121s2019 my ao e 000 0 may d | ||
| 020 |
_a9789672322030 _qset |
||
| 020 |
_a9789672322061 _cRM33.00 _qpaperback |
||
| 040 |
_aPPAK _beng _cPPAK _erda |
||
| 082 | 0 | 4 |
_223 _a649.1 |
| 090 | 0 | 0 |
_a649.1 _bRIZ _dG |
| 100 | 0 |
_aRizalman Kusnan, _d1972- _eauthor. |
|
| 245 | 1 | 0 |
_aKenapa Adik BERMAIN? / _cRizalman Kusnan |
| 264 | 1 |
_aPetaling Jaya, Selangor : _bHebat Publishing, _c[2019?] |
|
| 300 |
_a40 pages : _bcolour photographs ; _c21 cm |
||
| 336 |
_2rdacontent _atext |
||
| 337 |
_2rdamedia _aunmediated |
||
| 338 |
_2rdacarrier _avolume |
||
| 490 | 1 |
_aTerapi Jiwa Kanak-kanak & Remaja ; _v(Jilid 2) |
|
| 500 | _aIncludes excercises | ||
| 505 |
_tMemahami bermain - 5 _tKeperluan bermain - 8 _tPerkembangan fizikil - 11 _tPerkembangan akal - 14 _tPerkembangan bahasa - 17 _tPerkembangan emosi - 20 _tKemahiran bersosial - 23 _tMeningkatkan kreativiti - 26 _tJenis permainan - 29 _tPeranan ibu bapa dan guru - 35 _tGlosari - 38 _tLatihan - 40 |
||
| 520 | _aSetiap daripada kita pasti pernah melalui dunia kanak-kanak dan alam remaja. Dunia yang penuh menyeronokkan namun memberi cabaran kepada ibu bapa dan guru dalam menangani karenah mereka. Justeru, Terapi Jiwa Kanak-kanak dan Remaja (Jilid 2) sebuah siri yang menarik untuk dibaca kerana berkaitan imu keibubapaan yand dapat membantu ibu bapa mengenali karakter anak-anak mereka. | ||
| 650 | 1 | 0 | _aParenting |
| 650 | 2 | 0 | _aChild rearing |
| 650 | 2 | 0 | _aChild development |
| 830 | 0 |
_aTerapi jiwa kanak-kanak & remaja ; _n(Jilid 2): |
|
| 942 |
_2ddc _cB |
||